000 00461nmm a2200169Ia 4500
008 251105s9999||||xx |||||||||||||||||und||
020 _a9788475226798
041 _aspa
100 _aLanseros, Raquel
245 0 _aLos ojos de la niebla
264 _a[Madrid, España] :
_bVisor Libros,
_c2008
300 _a48 páginas
490 _aVisor de Poesía
650 _aSpanish poetry
856 _uhttps://public.digitaliapublishing.com/a/41111
942 _cCF
999 _c84998
_d84998